000 00384nab a22001097u 4500
008 130520b2003 xxu||||| |||| 00| 0 spa d
041 _aspa
100 1 _aRodríguez César, Gonzalo M.
_972159
245 0 0 _aUn teólogo del s. XX: Bernhard Häring (1912-1998)
_cGonzalo M. Rodríguez César
773 0 _tCompostellanum
_gV.48, nº1-4,2003,págs. 87-118
_x0573-2018
_wRev130
942 _cAR
999 _c368234
_d368234